| 000 | 00492nam a2200193Ia 4500 | ||
|---|---|---|---|
| 005 | 20240705105951.0 | ||
| 008 | 131103s9999 xx 000 0 und d | ||
| 040 | _aLoreto College | ||
| 041 | _aEnglish | ||
| 082 |
_a808.5 _bADA |
||
| 100 | _aAdams, Harlen Martin | ||
| 245 |
_aSpeak up! _cHarlen Martin Adams |
||
| 260 |
_aNew York _bMacmillan _c1958 |
||
| 300 |
_axii,452p. _b pic. |
||
| 504 | _aIncludes index | ||
| 650 | _aEnglish literature-speech | ||
| 850 | _aLCBED | ||
| 942 | _cBK | ||
| 999 |
_c29952 _d80431 |
||